Statistics for Soviet Union Country Quiz

Click here to take the quiz!

General Stats

  • This quiz has been taken 56,500 times
  • The average score is 15 of 20

Answer Stats

HintAnswer% Correct
Person who ruled the USSR from
the 1920s until 1953
Joseph Stalin
95%
First leader of the Soviet UnionVladimir Lenin
95%
Name for the Soviet army{Red} Army
90%
Nuclear plant that melted
down in 1986
Chernobyl
86%
Soviet version of the CIAKGB
86%
Countries invaded in 1939Poland
86%
Term for a Soviet prison campGulag
83%
Satellite launched in 1957Sputnik 1
81%
Only political partyCommunist Party
80%
Military alliance similar to NATO{Warsaw} Pact
79%
Country invaded in 1979Afghanistan
77%
Last leader of the Soviet UnionMikhail Gorbachev
77%
Soviet version of an astronautCosmonaut
75%
Soviet address meaning
"fellow citizen"
Comrade
71%
Countries invaded in 1939Finland
68%
Most important exportOil
67%
Native language of the aboveGeorgian
66%
First person to orbit the EarthYuri Gagarin
66%
Innermost ruling committee{Polit}buro
50%
Official state newspaperPravda
38%

Score Distribution

Percentile by Number Answered

Percent of People with Each Score

Your Score History

You have not taken this quiz